Countries of the World by City #1 - Statistics

General Stats
  • This quiz has been taken 111 times
  • The average score is 17 of 26
Answer Stats
City Country % Correct
Copenhagen Denmark
99%
Havana Cuba
96%
Osaka Japan
95%
Tehran Iran
94%
Cancún Mexico
89%
Kathmandu Nepal
88%
Gothenburg Sweden
81%
Colombo Sri Lanka
79%
Córdoba Argentina/Spain
78%
Lahore Pakistan
73%
Durban South Africa
73%
Linz Austria
71%
Hobart Australia
69%
Syracuse United States/Italy
66%
Fortaleza Brazil
63%
Mombasa Kenya
59%
Aswan Egypt
58%
Nur-Sultan Kazakhstan
52%
Lilongwe Malawi
51%
Gwangju South Korea
51%
Batman Turkey
47%
Varna Bulgaria
46%
Palembang Indonesia
42%
Sligo Ireland
31%
El Calafate Argentina
17%
Pointe-Noire Republic of the Congo
17%
No matching quizzes found
Score Distribution
Percent of People with Each Score
Percentile by Number Answered
Your Score History
You have not taken this quiz